00677cam a22002051a 4500001000400000003000800004005001700012008003900029035001700068035001800085040004900103041000800152082002200160245010900182260005200291300002700343504005100370650001600421700003400437701BD-RjUL20211208233223.0131123s1960 ilu b 001 0 eng a(BD-RjUL)721 a(OCoLC)573856 aDLCcODaWUdOCoLCdMoSU-LdDLCdBD-RjULbeng aeng a323.445bFIR 196004aThe First freedom :bliberty and justice in the world of books and reading /cedited by Robert B. Downs. aChicago :bAmerican Library Association,c1960. axiii, 469 p. ;c27 cm. aIncludes bibliographical references and index. 0aCensorship.1 aDowns, Robert Bingham,d1903-